00663cam a22002171 4500001001300000003000400013005001700017008004100034010001700075035001900092040002600111042001200137050001600149100003900165245005800204260006600262300001800328490004700346650003500393999001700428e 22000364 DLC20260227111213.0761206s1918 xx 000 0 eng  ae 22000364  a(OCoLC)2600464 aDLCcGStGdOCoLCdDLC apremarc00aPN1031b.D41 aDe Selincourt, Ernest,d1870-1943.14aThe study of poetry,cby E. de Sélincourt, D. LITT. a[Oxford,bPrinted by F. Hall, at the University press]c1918. a20 p.c25 cm.0 aThe English association. Pamphlet,vno. 40 0aPoetryxHistory and criticism. c20531d20531